<?xml version="1.0" encoding="UTF-8"?>
<record
    xmlns:xsi="http://www.w3.org/2001/XMLSchema-instance"
    xsi:schemaLocation="http://www.loc.gov/MARC21/slim http://www.loc.gov/standards/marcxml/schema/MARC21slim.xsd"
    xmlns="http://www.loc.gov/MARC21/slim">

  <leader>00316nam a2200121Ia 4500</leader>
  <controlfield tag="008">191201s2013    xx            000 0 und d</controlfield>
  <datafield tag="100" ind1=" " ind2=" ">
    <subfield code="a">SHARMA, Puran Chand</subfield>
  </datafield>
  <datafield tag="245" ind1=" " ind2="0">
    <subfield code="a">Pandit Manga Ram Granthawali</subfield>
  </datafield>
  <datafield tag="260" ind1=" " ind2=" ">
    <subfield code="a">N. Delhi</subfield>
    <subfield code="b">Haryana Granth Academy</subfield>
    <subfield code="c">2013</subfield>
  </datafield>
  <datafield tag="300" ind1=" " ind2=" ">
    <subfield code="a">600</subfield>
  </datafield>
  <datafield tag="650" ind1=" " ind2=" ">
    <subfield code="a">General Books</subfield>
  </datafield>
  <datafield tag="942" ind1=" " ind2=" ">
    <subfield code="2">ddc</subfield>
    <subfield code="c">BK</subfield>
  </datafield>
  <datafield tag="999" ind1=" " ind2=" ">
    <subfield code="c">6719</subfield>
    <subfield code="d">6719</subfield>
  </datafield>
  <datafield tag="952" ind1=" " ind2=" ">
    <subfield code="0">0</subfield>
    <subfield code="1">0</subfield>
    <subfield code="2">ddc</subfield>
    <subfield code="4">0</subfield>
    <subfield code="7">0</subfield>
    <subfield code="8">GENERAL</subfield>
    <subfield code="a">PIET</subfield>
    <subfield code="b">PIET</subfield>
    <subfield code="d">2017-09-19</subfield>
    <subfield code="e">Haryana Granth Academy</subfield>
    <subfield code="g">250.00</subfield>
    <subfield code="k">4320</subfield>
    <subfield code="l">1</subfield>
    <subfield code="o">780 SHP</subfield>
    <subfield code="p">29950</subfield>
    <subfield code="r">2023-06-13 00:00:00</subfield>
    <subfield code="s">2023-04-10</subfield>
    <subfield code="v">175.00</subfield>
    <subfield code="w">2017-09-16</subfield>
    <subfield code="y">BK</subfield>
    <subfield code="z">History and Culture</subfield>
  </datafield>
</record>
